000 01240cam a22002771 4500
001 hew66000152
003 DLC
005 20260227111515.0
008 731119s1966 dcua f000 0 eng c
010 _ahew66000152
035 _a(OCoLC)744137
040 _aU.S. Dept. of Health, Education, and Welfare. Library
_cOClU
_dOCoLC
_dDLC
042 _apremarc
050 0 0 _aL112
_b.R6
082 _a378.1/96
100 1 _aRobbins, Leslie Frank,
_d1898-
245 1 0 _aNew construction and rehabilitation on college campuses, 1961-62, 1962-63, and 1963-64
_c[by] Leslie F. Robbins.
260 _a[Washington]
_bU.S. Dept. of Health, Education, and Welfare, Office of Education
_c[1966]
300 _aviii, 79 p.
_billus.
_c26 cm.
500 _a"OE-51011."
500 _a"Third of a series accumulating construction data starting with the fiscal year 1951-52."
500 _aPrepared in the Business Administration Section, Division of Educational Organization and Administration.
650 0 _aCollege buildings
_zUnited States.
650 0 _aUniversities and colleges
_zUnited States
_xFinance.
710 1 _aUnited States.
_bOffice of Education.
_bDivision of Educational Organization and Administration.
_bBusiness Administration Section.
999 _c34652
_d34652